000 00447nam a2200157 i 4500
001 62835
003 ES-MaACL
005 20230906164734.0
007 t|
008 031126s1999 sp ||||1| spa d
100 1 _aFernández Céspedes, Gabriel.
_949572
245 1 3 _aLa Justicia en España bajo la Dictadura /
_cGabriel Fernández Céspedes.
260 _aMadrid :
_b[s.n.,
_c1930]
300 _a16 p. ;
_c21 cm.
852 _aES-MaACL
_j1751-F-22
999 _c62835
_d62835